000 00863nab a2200253 u 4500
001 21056
003 HDC
007 cr bn ---aaaaa
008 210307b2015mmddmy d||ne||||| 00| 0 may d
040 _aHDC
245 0 _aPKS terima lebih RM2 bilion bantu tingkat produktiviti
_c/ Ainol Amriz Ismail
260 _aMalaysia:
_bMedia Mulia,
_c2015
300 _a1 online resource (page 6)
336 _atext
_2rdacontent
337 _acomputer
_2rdamedia
338 _aonline resource
_2rdacarrier
650 _aBusiness enterprise
_zMalaysia
_918746
650 _aSmall business
_zMalaysia
_91307
710 _aUtusan Malaysia
856 _zRequest full-text at [email protected]
942 _2lcc
942 _cNEWS
942 _kNWSC 002678
999 _c18372
_d18372